000 00508nam a2200145 a 4500
008 120416s1981 ||||||||||||||||| || u
020 _a0333327381
050 _aTK 5102.5 Dav
100 _aDavidson, C. W
245 1 0 _aTransmission lines for communications
260 _aLondon
_bMacmillan
_c1981
300 _avi, 218p. : ill.
350 _a0.00
995 _D0.00
_FCBU-MAIN LIBRARY (Kitwe)
_H1
_I6.95
_M1
_UAVAILABLE
_ZMain Library Open Access Collection
999 _c60332
_d60332